|
|
|
|
| LEADER |
01021cam a2200265 7i4500 |
| 001 |
0000062346 |
| 005 |
20211029090000.0 |
| 020 |
|
|
|a 9781544339689 (electronic book)
|
| 090 |
0 |
0 |
|a H62
|b .G79 2020
|
| 100 |
1 |
|
|a Gordon, Liahna E
|
| 245 |
1 |
0 |
|a Real research :
|b research methods sociology students can use
|c Liahna Gordon.
|
| 250 |
|
|
|a Second edition.
|
| 264 |
|
|
|a Thousand Oaks:
|b SAGE Publications, Inc.,
|c 2020.
|
| 300 |
|
|
|a 1 online resource (various pagings):
|b illustrations, text file, PDF.
|
| 336 |
|
|
|a text
|2 rdacontent
|
| 337 |
|
|
|a computer
|2 rdamedia
|
| 338 |
|
|
|a online resource
|2 rdacarrier
|
| 650 |
|
0 |
|a Social sciences --
|x Research
|
| 650 |
|
0 |
|a Social sciences --
|x Research --
|x Methodology
|
| 655 |
|
0 |
|a Electronic books
|
| 856 |
4 |
2 |
|u http://library.unisel.edu.my/web/guest/mylibrary
|
| 997 |
|
|
|a Education & Social Sciences, Faculty
|b Social Sciences, Department
|
| 998 |
|
|
|a Industrial Psychology, Degree
|
| 998 |
|
|
|a Psychology, Diploma
|
| 999 |
|
|
|a EBO0008067
|b EBOOK
|c EBOOK
|e Electronic resources
|